LEADER 01040nam-M2200373--I450- 001 990002819230203316 005 20060926145500.0 010 $a88-06-16754-5 035 $a000281923 035 $aUSA01000281923 035 $a(ALEPH)000281923USA01 035 $a000281923 100 $a20060926d2005----||itac50 ba 101 $aita 102 $aIT 105 $a||||||||001yy 200 1 $aDare l' anima$estoria di un infanticidio$fAdriano Prosperi 210 $aTorino$cG. Einaudi$d2005 215 $aX, 373 p.$cill.$d23 cm 225 0 $aEinaudi storia$v4 410 1$1001IT\ICCU\TO0\1401938$aEinaudi storia$v4$12001 454 1$12001 461 1$1001-------$12001 606 $aInfanticidio - Bologna - Sec. 18 676 $a364.1523$v19 700 1$aPROSPERI,$bAdriano$0140139 801 0$aIT$bICCU$gISBD$c20060618 912 $a990002819230203316 951 $aVI.3.B.2$b7949 DSLL 959 $aBK 969 $aDSLL 979 $aDSLL1$b90$c20060926$lUSA01$h1455 996 $aDare l' anima$9994167 997 $aUNISA LEADER 01441nam0 22003613i 450 001 PUV0045620 005 20251003044310.0 010 $a0849342759 100 $a20071203d1990 ||||0itac50 ba 101 | $aeng 102 $aus 181 1$6z01$ai $bxxxe 182 1$6z01$an 200 1 $aMicroprocessors and microcomputer-based system design$fMohamed Rafiquzzaman 210 $aBoca Raton [etc.]$cCRC press, c199O 215 $aXVII, 1075 p.$d25 cm. 606 $aMicroprocessori$2FIR$3CFIC027016$9E 606 $aMicroelaboratori$xStruttura$2FIR$3NAPC221476$9I 676 $a004.16$9Elaborazione dei dati. Microelaboratori$v14 676 $a004.16$9cd 20$v22 696 $aMicroelaboratori elettronici$aPersonal computer$aPC 699 $aMicroelaboratori$zMicroelaboratori elettronici 699 $aMicroelaboratori$yPersonal computer 699 $aMicroelaboratori$yPC 700 1$aRafiquzzaman$b, Mohamed$3RAVV022048$4070$0543573 801 3$aIT$bIT-000000$c20071203 850 $aIT-BN0095 901 $bNAP 01$cSALA DING $n$ 912 $aPUV0045620 950 0$aBiblioteca Centralizzata di Ateneo$b1 v.$c1 v.$d 01SALA DING 004.16 RAF.mi$e 0102 0000004685 VMA A4 v. 1 (3. rist. 1991)$fY $h20071203$i20071203 977 $a 01 996 $aMicroprocessors and microcomputer-based system design$91574046 997 $aUNISANNIO